000 00687nam a22002177a 4500
003 UA-OsUOA
001 100596
007 ta
008 20130529b un ||||| |||| 00| 0 ukr d
100 _aАжнюк Л.
090 _a81
_bА34
942 _cSA
040 _aUA-OsUOA
_bukr
_cUA-OsUOA
_dUA-OsUOA
245 _aЕкологія офіційного мовлення як об'єкт правового захисту
300 _aС.88-104
955 _a0
041 _aukr
080 _a81
773 0 _w100594
_tУкраїнська мова
_dК.
_d2013
_g1
650 7 _a8 Мовознавство. Художня література. Літературознавство
_2UDC
999 _c386670
_d386670